Currencies of the World - Statistics

General Stats
  • This quiz has been taken 30 times
    15 since last reset
  • The average score is 10 of 15
Answer Stats
Country Currency % Correct
England Pound Sterling
100%
Italy Euro
93%
France Euro
93%
Japan Yen
93%
Mexico Peso
86%
India Rupee
86%
Hawaii Dollar
79%
Switzerland Franc
71%
Denmark Krone
64%
Russia Ruble
64%
Hungary Forint
50%
Vietnam Dong
43%
China Renminbi
14%
Thailand Thai Baht
14%
Lebanon Lebanese pound
7%
No matching quizzes found
Score Distribution
Percent of People with Each Score
Percentile by Number Answered
Your Score History
You have not taken this quiz since the last reset